000 00689nam a22001697a 4500
008 160624b xxu||||| |||| 00| 0 eng d
082 _22009
_aUT 0641
_bEl81
100 _910408
_aEltagonde, Adelfa A.
245 _aMotivator and hygiene factors in relation to physical activity involvement of the Mapeh major students in University of Mindanao Digos College/
_cAdelfa A. Eltagonde [and three others].
260 _aDigos City:
_bUMDC
_cOctober 2009.
300 _a52 pages;
_c28 cm.
650 0 _910407
_aEducation
_vMAPEH
_xUndergraduate thesis.
700 _910404
_aFlores, Mae Ann Olive A.
700 _910405
_aLawas, Yvonne Marie.
700 _910406
_aTabanao, Jayson.
942 _2ddc
_cUT
999 _c3121
_d3121